000
00278nam a22001217a 4500
008
181023b xxu||||| |||| 00| 0 eng d
041
_a
eng
080
_a
330
100
_a
52
101
_a
ECO
245
_a
Power Government The Economy Market
_c
Murray.R
942
_2
udc
_c
BK
999
_c
50683
_d
50683